[Event "Washington Open Championship"]
[Site "Lynnwood, WA"]
[Date "2015.05.25"]
[Round "6"]
[White "Fagundes Frank  (WA)"]
[Black "Wilson Diallo  (WA)"]
[Result "1/2-1/2"]
[WhiteElo "1792"]
[BlackElo "1721"]
[Annotator ""]
[Source ""]
[Remark "Premier"]

1.d4 d5 2.c4 c6 3.Nc3 Nf6 4.Nf3 e6 5.Qb3 Bd6 6.Bg5 Nbd7 7.e4
dxe4 8.Nxe4 Qa5+ 9.Nc3 Ne4 10.Bd2 Nxd2 11.Nxd2 Nf6 12.Be2 O-O
13.O-O Qd8 14.Rad1 Qc7 15.Nf3 b6 16.d5 exd5 17.cxd5 a6 18.dxc6
Qxc6 19.Bc4 b5 20.Bxf7+ Kh8 21.Bd5 Nxd5 22.Qxd5 Qxd5 23.Rxd5
Bc7 24.Re1 Bf5 25.Nd4 Rae8 26.Rxe8 Rxe8 27.Nf3 Be6 28.Rc5 Bb8
29.a3 h6 30.Rc6 Bc8 31.Kf1 Bb7 32.Rb6 Re7 33.Nh4 Kh7 34.h3 Ba7
35.Rd6 Bc5 36.Rd2 Bc6 37.b4 Ba7 38.Nf5 Rf7 39.g4 Bb8 40.Nd6 Rf3
{Bad time for Black to agree to a draw, he just gained the advantage!}
 1/2-1/2

[Event "Washington Open Championship"]
[Site "Lynnwood, WA"]
[Date "2015.05.25"]
[Round "6"]
[White "Zhang Zachary  (WA)"]
[Black "Carpenter Romie  (MT)"]
[Result "1/2-1/2"]
[WhiteElo "1706"]
[BlackElo "1800"]
[Annotator ""]
[Source ""]
[Remark "Premier"]

1.d4 Nf6 2.Nf3 g6 3.Bf4 Bg7 4.e3 O-O 5.c3 d6 6.Be2 Nbd7 7.h3
b6 8.Nbd2 Bb7 9.O-O a5 10.Qc2 c5 11.a4 Rb8 12.Rfb1 Qc7 13.Qd1
Bc6 14.Ra3 b5 15.axb5 Bxb5 16.Bxb5 Rxb5 17.Qa4 Rfb8 18.Nb3 Qb6
19.Nfd2 cxd4 20.exd4 e5 21.Be3 Nd5 22.Nc4 Qc7 23.Nbxa5 exd4 24.Bxd4
Bxd4 25.cxd4 Rb4 26.Qc6 Qxc6 27.Nxc6 Rxc4 28.Nxb8 Nxb8 29.Ra8
Rc8 30.Rba1 Nb6 31.R8a7 Nc6 32.Rb7 Rb8 33.Rxb8+ Nxb8 34.Rc1 N8d7
35.Rc3 d5 36.f3 Kf8 37.Kf1 Ke7 1/2-1/2

[Event "Washington Open Championship"]
[Site "Lynnwood, WA"]
[Date "2015.05.25"]
[Round "6"]
[White "He Samuel  (WA)"]
[Black "Yu Jason  (WA)"]
[Result "1-0"]
[WhiteElo "2232"]
[BlackElo "1865"]
[Annotator ""]
[Source ""]
[Remark "Open"]

1.d4 d5 2.Bf4 Nf6 3.e3 e6 4.Nf3 Be7 5.Nbd2 O-O 6.Bd3 c5 7.c3
Nc6 8.O-O b6 9.Ne5 Bb7 10.Qf3 Nd7 11.Qh3 f5 12.Rad1 Ndxe5 13.dxe5
Qe8 14.Qg3 Kh8 15.h4 Rd8 16.Nf3 h6 17.Qh3 Nb8 18.Kh2 Ba6 19.Bxa6
Nxa6 20.b3 Nc7 21.g4 Nb5 22.Rc1 d4 23.g5 h5 24.cxd4 cxd4 25.a4
Nc3 26.Nxd4 Bb4 27.Qf3 Ne4 28.Qe2 Bd2 29.Rc4 Rxd4 30.Rxd4 Bc3
31.Rc4 b5 32.axb5 Qxb5 33.Qxh5+ Kg8 34.g6 Rb8 35.Qh7+ Kf8 36.Qh8+
Ke7 37.Rc7+ 1-0

[Event "Washington Open Championship"]
[Site "Lynnwood, WA"]
[Date "2015.05.25"]
[Round "5"]
[White "Airapetian Chouchanik (WA)"]
[Black "He Samuel  (WA)"]
[Result "1/2-1/2"]
[WhiteElo "2048"]
[BlackElo "2232"]
[Annotator ""]
[Source ""]
[Remark "Open"]

1.e4 e5 2.Nf3 Nc6 3.Bb5 a6 4.Ba4 Nf6 5.O-O Be7 6.c3 b5 7.Bb3
d6 8.h3 Bb7 9.Re1 O-O 10.d4 Qd7 11.Nbd2 Rae8 12.dxe5 dxe5 13.a4
Bd6 14.axb5 axb5 15.Qe2 Ne7 16.Ra5 Ra8 17.Rxa8 Rxa8 18.Bc2 Ng6
19.Nb3 c5 20.c4 bxc4 21.Qxc4 Ba6 22.Qc3 c4 23.Nbd2 Qe7 24.Bd1
Bb4 25.Qc2 Nf4 26.Kh2 Bb5 27.Rg1 Qc5 28.b3 c3 29.Nc4 Bxc4 30.bxc4
Ng6 31.Qe2 Rc8 32.Bb3 Qc6 33.c5 Qxe4 34.Bxf7+ Kf8 35.Qa6 Qc6
36.Qxc6 Rxc6 37.Bxg6 hxg6 38.Nxe5 Rc7 39.Bf4 Rxc5 40.Nd3 Rc4
41.Ra1 Nd5 42.Ra8+ Ke7 43.Bg5+ Ke6 44.Re8+ Kf7 45.Rd8 Ke6 46.Re8+
Kf7 47.Rd8 1/2-1/2

[Event "Washington Open Championship"]
[Site "Lynnwood, WA"]
[Date "2015.05.25"]
[Round "6"]
[White "Shubin Daniel  (WA)"]
[Black "Ryan Stephen  (WA)"]
[Result "1-0"]
[WhiteElo "1163"]
[BlackElo "1288"]
[Annotator ""]
[Source ""]
[Remark "Booster"]

1.e4 e6 2.d4 d5 3.exd5 exd5 4.Bd3 Nc6 5.Nf3 Bd6 6.O-O Bg4 7.Be3
Nf6 8.c3 Qd7 9.h3 Be6 10.Qd2 O-O-O 11.Bf4 g5 12.Bxd6 Qxd6 13.Nxg5
Rhg8 14.Nxe6 fxe6 15.Qe3 Nh5 16.Re1 Nf4 17.Bf1 Ne7 18.g3 Nf5
19.Qe5 Rg7 20.Qxd6 Nxd6 21.Kh2 Nh5 22.Nd2 Rf8 23.Kg1 Nf6 24.Bg2
Re8 25.Re2 Kd7 26.Rae1 c6 27.a4 a5 28.b3 b6 29.Rb1 Rge7 30.Rc1
e5 31.dxe5 Rxe5 32.Rxe5 Rxe5 33.Kf1 Nde4 34.Nxe4 Nxe4 35.Bxe4
Rxe4 36.Re1 Rxe1+ 37.Kxe1 c5 38.Kd2 Ke6 39.Ke3 Kf6 40.f4 h6 41.g4 1-0

[Event "Washington Open Championship"]
[Site "Lynnwood, WA"]
[Date "2015.05.25"]
[Round "6"]
[White "Cohen Jed  (WA)"]
[Black "Deng Samuel  (WA)"]
[Result "0-1"]
[WhiteElo "1391"]
[BlackElo "1266"]
[Annotator ""]
[Source ""]
[Remark "Reserve"]

1.d4 Nf6 2.c4 e6 3.Nc3 Bb4 4.a3 Bxc3+ 5.bxc3 b6 6.Nf3 Nc6 7.Bg5
Na5 8.e4 h6 9.Bxf6 Qxf6 10.e5 Qe7 11.d5 Ba6 12.Nd2 exd5 13.cxd5
Qxe5+ 14.Be2 Bxe2 15.Qxe2 Qxe2+ 16.Kxe2 c6 17.c4 cxd5 18.cxd5
d6 19.Rac1 Kd7 20.Rc3 Rhe8+ 21.Kd3 Rac8 22.Ne4 Rxc3+ 23.Nxc3
Nb7 24.Rb1 Nc5+ 25.Kd4 Rb8 26.f3 Na6 27.Nb5 Rb7 28.g3 Nc7 29.a4
a6 30.Nxc7 Kxc7 31.Rc1+ Kd7 32.Rc6 a5 33.Kc4 Rc7 34.Rxc7+ Kxc7
35.Kb5 Kb7 36.h4 g6 37.g4 g5 38.h5 f6 39.Kc4 Ka6 40.Kd4 b5 41.axb5+
Kxb5 42.Ke4 a4 43.Kf5 a3 44.Kxf6 a2 45.Kg6 a1Q 46.Kxh6 Qf6+ 47.Kh7
Kc5 0-1

[Event "Washington Open Championship"]
[Site "Lynnwood, WA"]
[Date "2015.05.25"]
[Round "6"]
[White "Hou Frank  (WA)"]
[Black "Buck Stephen  (WA)"]
[Result "0-1"]
[WhiteElo "1684"]
[BlackElo "1735"]
[Annotator ""]
[Source ""]
[Remark "Premier"]

1.e4 c5 2.Nf3 d6 3.Nc3 Nf6 4.Bc4 e6 5.Bb3 Nc6 6.d4 cxd4 7.Nxd4
Bd7 8.O-O Be7 9.Be3 a6 10.h3 b5 11.a3 O-O 12.Nf3 Qc7 13.Qd2 Rac8
14.Rfe1 Na5 15.Rac1 Nc4 16.Bxc4 Qxc4 17.Bg5 Rfd8 18.e5 dxe5 19.Nxe5
Qc7 20.Qf4 Be8 21.Nd3 Qxf4 22.Bxf4 Bxa3 23.Re3 Be7 24.Ra1 b4
25.Ne2 Bb5 26.Rc1 Nd5 27.Rg3 Nxf4 28.Nexf4 a5 29.Re3 Bg5 30.Ra1
Bxd3 31.Nxd3 Bxe3 32.fxe3 Ra8 33.Kf1 f6 34.Ke2 Kf7 35.e4 Rdb8
36.Kd2 a4 37.Nc5 a3 38.b3 Rd8+ 39.Nd3 e5 40.Ke3 Rd4 41.g4 Rc8
42.Rc1 Rc3 43.Kd2 Rxe4 44.Rf1 Rd4 45.Ke3 Rdxd3+ 46.cxd3 Rxb3
47.Kd2 Rb2+ 48.Kc1 Rh2 49.Kb1 b3 50.Ka1 Rxh3 51.g5 Rxd3 52.gxf6
gxf6 53.Rh1 Ke6 54.Kb1 e4 55.Re1 Ke5 56.Kc1 f5 57.Rh1 e3 58.Rxh7
Ke4 59.Ra7 e2 60.Re7+ Kf3 61.Re5 Rd1# 0-1

[Event "Washington Open Championship"]
[Site "Lynnwood, WA"]
[Date "2015.05.25"]
[Round "6"]
[White "Zhang Kyle  (WA)"]
[Black "Lewis-Sandy Joshua  (WA)"]
[Result "1/2-1/2"]
[WhiteElo "1209"]
[BlackElo "1381"]
[Annotator ""]
[Source ""]
[Remark "Booster"]

1.e4 e5 2.Nf3 Nf6 3.Nc3 Nc6 4.Bb5 Bb4 5.d3 Nd4 6.Bc4 d5 7.exd5
Nxd5 8.Bd2 Bxc3 9.bxc3 Nc6 10.h3 a5 11.O-O Nb6 12.Bb5 f6 13.Re1
O-O 14.Bxc6 bxc6 15.d4 Nc4 16.dxe5 fxe5 17.Bg5 Qxd1 18.Raxd1
Bxh3 19.Nxe5 Nxe5 20.Rxe5 Rf5 21.Rxf5 Bxf5 22.Rd2 Kf7 23.f3 Rb8
24.Bf4 Rb2 25.Bxc7 Rxa2 26.g4 Bxc2 27.Bxa5 Rxa5 28.Rxc2 Ke6 29.Kf2
Kd5 30.Ke3 Kc4 31.f4 Ra3 32.Kd2 Ra5 33.Rb2 Rd5+ 34.Kc2 Rb5 35.g5
g6 36.Rxb5 cxb5 37.Kb2 Kd5 38.Kb3 Kc5 39.Kb2 b4 40.Kb3 bxc3 41.Kxc3
Kd5 42.Kd3 Ke6 43.Ke4 Kf7 44.Ke5 Ke7 45.f5 gxf5 46.Kxf5 Kf7 47.Kf4
h6 48.gxh6 Kg6 1/2-1/2

[Event "Washington Open Championship"]
[Site "Lynnwood, WA"]
[Date "2015.05.25"]
[Round "6"]
[White "Haining Breck  (WA)"]
[Black "Thakur Asher  (WA)"]
[Result "1-0"]
[WhiteElo "1311"]
[BlackElo "1097"]
[Annotator ""]
[Source ""]
[Remark "Booster"]

1.e4 c5 2.Nf3 Nc6 3.Bc4 g6 4.Nc3 Bg7 5.O-O Nf6 6.d3 O-O 7.a3
d6 8.Rb1 Bg4 9.h3 Bh5 10.Be3 Ne5 11.Nd5 e6 12.Nf4 Bxf3 13.gxf3
Re8 14.Ng2 Qb6 15.Bb3 Rad8 16.f4 Nc6 17.c3 e5 18.Ba4 d5 19.Bxc6
Qxc6 20.fxe5 Rxe5 21.f4 Ree8 22.e5 Nh5 23.Qf3 d4 24.Qxc6 bxc6
25.cxd4 cxd4 26.Bd2 f6 27.exf6 Bxf6 28.Rbe1 Rxe1 29.Rxe1 Rb8
30.b4 Rc8 31.Rc1 Kf7 32.Kf2 Ke6 33.Kf3 Kd6 34.Kg4 Re8 35.Re1
Rxe1 36.Nxe1 Ng7 37.Nf3 h5+ 38.Kg3 Nf5+ 39.Kf2 Ne3 40.Nxd4 Nd1+
41.Ke2 Bxd4 42.Kxd1 Ke6 43.Ke2 c5 44.bxc5 Bxc5 45.Bb4 Bxb4 46.axb4
Kd5 47.Ke3 a6 48.h4 Ke6 49.Ke4 Kd6 50.d4 Ke6 51.d5+ Kd6 52.Kd4
Kd7 53.Ke5 Ke7 54.d6+ Kd7 55.Kf6 Kxd6 56.Kxg6 Ke6 57.f5+ Ke7
58.Kg7 Ke8 59.f6 Kd7 60.f7 Kc6 61.f8Q Kb5 62.Kg6 a5 63.Qc5+ Ka4
64.Qxa5+ Kb3 65.Kf6 Kc3 66.b5+ Kc4 67.b6 Kd3 68.Qb4 Kc2 69.Qa3
Kb1 70.b7 Kc2 71.b8Q Kd2 72.Qbb2+ Kd1 73.Qaa1# 1-0

[Event "Washington Open Championship"]
[Site "Lynnwood, WA"]
[Date "2015.05.25"]
[Round "6"]
[White "Doknjas John  (CAN)"]
[Black "Pupols Viktors  (WA)"]
[Result "1-0"]
[WhiteElo "2320"]
[BlackElo "2207"]
[Annotator ""]
[Source ""]
[Remark "Open"]

1.d4 d5 2.c4 e6 3.Nc3 Nf6 4.cxd5 exd5 5.Bg5 c6 6.Qc2 Na6 7.e3
Nb4 8.Qb1 g6 9.Qd1 a5 10.a3 Na6 11.Bd3 Nc7 12.Nge2 Ne6 13.Bh4
Ng7 14.f3 Be7 15.O-O O-O 16.Qc2 Nfe8 17.Bxe7 Qxe7 18.e4 dxe4
19.fxe4 Be6 20.Qd2 f5 21.Rae1 Qd7 22.Na4 Qc7 23.Nc5 Bf7 24.exf5
gxf5 25.Bxf5 Nxf5 26.Rxf5 Ng7 27.Rf4 Bc4 28.Nd3 Bxd3 29.Rxf8+
Rxf8 30.Qxd3 Qf7 31.Qg3 Qd5 32.Rf1 Rxf1+ 33.Kxf1 Qf5+ 34.Ke1
Qb1+ 35.Kf2 Qxb2 36.Qb8+ Kf7 37.Qc7+ Kf8 38.Qxa5 Qb1 39.Qb4+
Qxb4 40.axb4 Ke7 41.g4 Ne6 42.Ke3 Nc7 43.Nf4 Na6 44.Nd3 Nc7 45.h4
Kf6 46.Ke4 Nb5 47.g5+ Ke7 48.Ke5 Nd6 49.Nc5 Nf7+ 50.Kf4 Nd6 51.Ne4
Nb5 52.Ke5 Nc7 53.Nf6 Na6 54.Nxh7 Nxb4 55.Nf6 Nd3+ 56.Kf5 Ne1
57.g6 Kf8 58.h5 Nf3 59.h6 Nxd4+ 60.Ke5 Nf3+ 61.Kf4 1-0

[Event "Washington Open Championship"]
[Site "Lynnwood, WA"]
[Date "2015.05.25"]
[Round "6"]
[White "Haining Kyle  (WA)"]
[Black "Tiglon Bryce  (WA)"]
[Result "0-1"]
[WhiteElo "2139"]
[BlackElo "2293"]
[Annotator ""]
[Source ""]
[Remark "Open"]

1.e4 c5 2.Nf3 d6 3.d4 cxd4 4.Nxd4 Nf6 5.Nc3 g6 6.Be3 a6 7.f3
b5 8.Qd2 Bb7 9.a4 e5 10.Nb3 b4 11.Nd1 d5 12.Bg5 Nbd7 13.exd5
Bxd5 14.Ne3 Be6 15.Bd3 Be7 16.Qe2 Qc8 17.Bh6 Bf8 18.Bxf8 Kxf8
19.O-O Kg7 20.Bc4 Re8 21.Rad1 Nc5 22.Nxc5 Qxc5 23.Qf2 Qc6 24.b3
Rad8 25.Qe2 Bxc4 26.Nxc4 Nd5 27.Qf2 Nf4 28.Rxd8 Rxd8 29.Nxe5
Qc3 30.Nc4 Re8 31.Rd1 Re2 32.Qd4+ Qxd4+ 33.Rxd4 Nxg2 34.Nd6 Rxc2
35.Rxb4 Ne1 36.Rb7 Nxf3+ 37.Kf1 Nxh2+ 38.Kg1 Nf3+ 39.Kf1 Ne5
40.b4 h5 41.b5 axb5 42.Rxb5 Nc4 43.Ne8+ Kf8 44.Nf6 Ke7 45.Nd5+
Kd6 46.Nf4 Ne3+ 47.Kg1 Rc4 48.Nd3 Rxa4 49.Rb6+ Ke7 50.Ne5 Ra1+
51.Kf2 Ng4+ 52.Nxg4 hxg4 53.Kg3 Ra4 54.Rc6 Kf8 55.Rb6 Kg7 56.Rb7
g5 57.Rb6 f6 58.Rb7+ Kg6 59.Rb6 Rf4 60.Rb8 f5 61.Rg8+ Kf6 62.Rf8+
Kg7 63.Ra8 Rf3+ 64.Kg2 Re3 65.Ra5 Kf6 66.Ra6+ Re6 67.Ra5 f4 68.Kf2
Rb6 69.Ra2 Rb5 70.Re2 Kf5 71.Ra2 g3+ 72.Kf3 Rb3+ 73.Kg2 Kg4 74.Ra4
Rb2+ 75.Kg1 Kh3 76.Ra1 f3 77.Rc1 Rh2 78.Rc3 f2+ 79.Kf1 Rh1+ 0-1